|
|
|
|
| LEADER |
00000nam0a2200000 4500 |
| 001 |
77054 |
| 005 |
20231031092100.0 |
| 010 |
|
|
|a 5823901542
|
| 035 |
|
|
|a (RuTPU)RU\TPU\book\82633
|
| 090 |
|
|
|a 77054
|
| 100 |
|
|
|a 20050512d2004 m y0rusy50 ca
|
| 101 |
0 |
|
|a rus
|
| 102 |
|
|
|a RU
|
| 105 |
|
|
|a y j 001zy
|
| 200 |
1 |
|
|a Численные методы и программирование
|e [учебное пособие]
|f В. В. Коробицын, Ю. В. Фролова
|g Омский государственный университет
|
| 210 |
|
|
|a Омск
|c Изд-во Омского ГУ
|d 2004
|
| 215 |
|
|
|a 183 с.
|
| 320 |
|
|
|a Литература: с. 179-181
|
| 320 |
|
|
|a Предметный указатель: с. 182-183
|
| 330 |
|
|
|a Учебное пособие посвящено изложению основ программирования и численных методов. Состоит из двух частей. В первой излагаются основы алгоритмизации и программирования на языке Паскаль. Во второй рассматриваются численные методы, охватывающие основной блок задач вычислительной математики. Для студентов Омского государственного университета и других вузов.
|
| 610 |
1 |
|
|a программирование
|
| 610 |
1 |
|
|a численные методы
|
| 610 |
1 |
|
|a учебные пособия
|
| 610 |
1 |
|
|a алгоритмы
|
| 610 |
1 |
|
|a алгоритмизация
|
| 610 |
1 |
|
|a Паскаль
|
| 610 |
1 |
|
|a языки программирования
|
| 610 |
1 |
|
|a нелинейные уравнения
|
| 610 |
1 |
|
|a компьютеры
|
| 610 |
1 |
|
|a вычисления
|
| 610 |
1 |
|
|a линейные алгебраические уравнения
|
| 610 |
1 |
|
|a интерполяция
|
| 610 |
1 |
|
|a регрессивный анализ
|
| 610 |
1 |
|
|a определенные интегралы
|
| 610 |
1 |
|
|a обыкновенные дифференциальные уравнения
|
| 610 |
1 |
|
|a программы
|
| 610 |
1 |
|
|a математические пакеты
|
| 610 |
1 |
|
|a метод Симпсона
|
| 610 |
1 |
|
|a метод Пикара
|
| 610 |
1 |
|
|a метод Рунге-Кутта
|
| 675 |
|
|
|a 519.6(075.8)
|v 3
|
| 700 |
|
1 |
|a Коробицын
|b В. В.
|g Виктор Викторович
|
| 701 |
|
1 |
|a Фролова
|b Ю. В.
|g Юлия Владимировна
|
| 712 |
0 |
2 |
|a Омский государственный университет
|2 stltpush
|3 (RuTPU)RU\TPU\col\403
|
| 801 |
|
1 |
|a RU
|b 63413507
|c 20050512
|g PSBO
|
| 801 |
|
2 |
|a RU
|b 63413507
|c 20120529
|g PSBO
|
| 942 |
|
|
|c BK
|